000 00401nam a2200157 i 4500
001 86808
003 ES-MaACL
005 20230906175528.0
007 t|
008 041215s1920 ag ||||1| spa d
100 1 _aKlemm, Kurt.
_968242
245 1 0 _aGuerra en plena paz /
_cpor Kurt Klemm.
260 _aBuenos Aires :
_bGermania,
_c1920.
300 _a157 p. ;
_c19 cm.
852 _aES-MaACL
_jF-7230
999 _c86808
_d86808